Lost in translation : Un compendio ilustrado de palabras intraducibles de todas partes del mundo /
Guardado en:
| Autor Principal: | |
|---|---|
| Formato: | Libro |
| Idioma: | Undetermined |
| Publicado: |
Buenos Aires :
Libros del Zorro Rojo,
2021.
|
| Edición: | 1a ed. |
| Materias: | |
| Etiquetas: |
Agregar Etiqueta
Sin Etiquetas, Sea el primero en etiquetar este registro!
|
| LEADER | 00986nam a22002775a 4500 | ||
|---|---|---|---|
| 001 | CEM.cems019027 | ||
| 008 | 211109s2021####ag############000#0#und#d | ||
| 005 | 20211119120510.0 | ||
| 003 | CEMS | ||
| 245 | 1 | 0 | |a Lost in translation : |b Un compendio ilustrado de palabras intraducibles de todas partes del mundo / |c Ella Frances Sanders. |
| 250 | |a 1a ed. | ||
| 260 | |a Buenos Aires : |b Libros del Zorro Rojo, |c 2021. | ||
| 300 | |a 112 p. | ||
| 500 | |a Edición para Ministerio de Educación de la Nación Argentina. | ||
| 500 | |a Traducido por Sally Avigdor. | ||
| 020 | |a 9789874429582 | ||
| 100 | 1 | |a Sanders, Ella Frances. | |
| 653 | |a Literatura | ||
| 653 | |a Literatura Inglesa | ||
| 653 | |a Diccionario | ||
| 653 | |a Literatura Universal | ||
| 653 | |a Literatura Infantil | ||
| 653 | |a Literatura Juvenil | ||
| 653 | |a Colección Leer Abre Mundos | ||
| 859 | |a CEMS |b BIB. CEMS - Agricultura |h 823.9 |i Sa56 |p A3350.21 |t Ej.1 | ||
| 859 | |a CEMS |b BIB. CEMS - 11 de abril |h 823.9 |i Sa56 |p 29269.21 |t Ej. 1 | ||
